• 首页
  • 本馆介绍
  • 公告通知
  • 最新文献
  • 馆藏检索
  • 电子资源
  • 读者导购
  • 参考咨询
  • 我的图书馆
  • 登录
  • 详细信息显示
  • 放入我的书架
  • 预约/预借图书
  • 作者相关作品
  • 分类相关作品
  • 丛书相关作品
  • 出版社相关作品

书目信息

  • 表格格式
  • 工作单格式
  • 卡片格式
题名:
给教师的建议
    
 
作者: 苏霍姆林斯基 著 ;杜殿坤 编译
分册:  
出版信息: 北京   教育科学出版社  1984
页数: 562页
开本: 19cm
丛书名:
单 册:
中图分类: G551.2
科图分类:
主题词: 教育事业--苏联
电子资源:
ISBN: 7-5041-0080-3
000 00758nam0 2200253 45
001 0184005185
005 20050406113516.4
010    @a7-5041-0080-3@dCNY5.30
091    @a7232.203
100    @a19950817d1984 em y0chiy0121 ea
101 1  @achi@crus
102    @aCN@b110000
105    @af z 000yy
200 10 @a给教师的建议@Agei jiao shi de jian yi@f(苏)瓦·阿·苏霍姆林斯基著@F(Su)Wa·A·Su Huo Mu Lin Si Ji Zhu@g杜殿坤编译
205    @a2版@b修订本
210    @a北京@c教育科学出版社@d1984
215    @a562页@c照片@d19cm
606 0  @a教育事业@y苏联
690    @aG551.2@v3
701  0 @a苏霍姆林斯基@4著
702  0 @a杜殿坤@Adu dian kun@4编译
801  0 @aCN@b上海图书馆@c20040425
801  2 @aCN@bNLC@c20040425
905    @dG551.2@e3=2@f1@b246868
    
    给教师的建议/(苏)瓦·阿·苏霍姆林斯基著/杜殿坤编译.-2版,修订本.-北京:教育科学出版社,1984
    562页:照片;19cm
    
    
    ISBN 7-5041-0080-3:CNY5.30
    
●
相关链接 在E读中查询图书 在五车中查询图书 在当当中查询图书 在豆瓣中查询图书


正题名:给教师的建议     索取号:G551.2/3=2         预约/预借

序号 登录号 条形码 馆藏地/架位号 状态 备注
1 0246867   000464241   第四借阅区/ [索取号:G551.2/3=2] 在馆    
2 0246868   001991385   密集书库/ [索取号:G551.2/3=2] 在馆    
3 0246869   000464223   第四借阅区/ [索取号:G551.2/3=2] 在馆    
4 0246870   000464287   第一样本阅览室/ [索取号:G551.2/3=2] 在馆    
唐山师范学院图书馆 欢迎您!
大连网信软件有限公司© 版权所有